Top meat exporters - Statistics

General Stats
  • This quiz has been taken 19 times
  • The average score is 8 of 10
Answer Stats
Hint Answer % Correct
5.8 million tons United States of America
100%
0.9 million tons Argentina
94%
7.5 million tons Brazil
88%
2.2 million tons Australia
82%
1.5 million tons Canada
82%
0.8 million tons Germany
76%
1.3 million tons India
76%
0.5 million tons Spain
76%
0.6 million tons New Zealand
59%
0.8 million tons Netherlands
41%
No matching quizzes found
Score Distribution
Percent of People with Each Score
Percentile by Number Answered
Your Score History
You have not taken this quiz